| 000 | 00497nam a2200181Ia 4500 | ||
|---|---|---|---|
| 005 | 20260429112104.0 | ||
| 008 | 260429s9999||||xx |||||||||||||| ||und|| | ||
| 020 | _a9781032880389 | ||
| 041 | _aEnglish | ||
| 082 |
_a401.41 _bGEE |
||
| 100 | _aGee, James Paul | ||
| 245 | 0 |
_aIntroduction to discourse analysis : _btheory and method / _cJames Paul Gee |
|
| 250 | _a5th ed. | ||
| 260 |
_aLondon : _bRoutledge, _c2025. |
||
| 300 | _ax, 279 p.; pbk | ||
| 650 | _aDiscourse analysis | ||
| 942 | _cTB | ||
| 999 |
_c52287 _d52287 |
||